Logo marek zaczynających się na t - Statystyki

Ogólne statystyki
  • Ten quiz został rozwiązany 28 razy
  • Średni wynik to 9 z 20
Statystyki odpowiedzi
Obrazkowy Odpowiedź % Poprawnych
Tesla
100%
TikTok
100%
T-Mobile
100%
Twix
100%
Tesco
96%
Toyota
96%
Tommy Hilfiger
73%
Taco Bell
58%
Tabasco
38%
Timberland
35%
Toblerone
31%
Target
27%
Tiffany & Co.
23%
Turkish Airlines
23%
Toys "R" Us
19%
Tide
12%
Texaco
4%
Tostitos
4%
Tim Hortons
0%
Tissot
0%
Nie znaleziono quizów pasujących do podanych kryteriów
Rozkład punktacji
Procent ludzi z każdym wynikiem
Percentyl według liczby udzielonych odpowiedzi
Twoja historia wyników
Nie rozwiązałeś tego quizu